000 00446nam a2200193Ia 4500
008 170918s9999 xx 000 0 und d
020 _a9780545694742
050 _bS539 2013
100 _aShea, Bob
245 _aUnicorn thinks he's pretty /
245 _cBob Shea.
260 _aNew York :
260 _bScholastic,
260 _c2013
300 _aunpaged :
300 _bcolored illustration ;
300 _c25cm.
500 _a400
999 _c341353
_d341353